Music Quiz

Random Music or Artist Quiz

Most #1 Albums Quiz Stats

 Plays Quiz Updated May 24, 2019

Score 0/25 Timer 05:00
0 Plays Today
% Correct
The Beatles
96.9%
The Beatles
96.8%
Michael Jackson
90.2%
The Rolling Stones
82.6%
The Rolling Stones
82.5%
Elvis Presley
66.6%
Elvis Presley
66.5%
Madonna
65.2%
Madonna
65.1%
Elton John
49.6%
U2
39.9%
U2
39.9%
Led Zeppelin
39.4%
% Correct
Led Zeppelin
39.3%
Bruce Springsteen
30.5%
Bruce Springsteen
29.8%
Queen
29.3%
Jay-Z
23.5%
Paul McCartney & Wings
18.6%
ABBA
18%
Garth Brooks
16.5%
David Bowie
16%
Robbie Williams
10.6%
Barbra Streisand
10.3%
Kenny Chesney
2.5%

You're not logged in!

Compare scores with friends on all Sporcle quizzes.
OR
Log In

Sporcle TV

Today on Sporcle TV


Watch our educational content, quiz creation guides, and fun videos on Sporcle TV.

Show Comments

Extras

Top Quizzes Today


Score Distribution

Your Account Isn't Verified!

In order to create a playlist on Sporcle, you need to verify the email address you used during registration. Go to your Sporcle Settings to finish the process.

Report this User

Report this user for behavior that violates our Community Guidelines.

Details: